| 000 | 01143cam a22003014a 4500 | ||
|---|---|---|---|
| 999 |
_c7299 _d7299 |
||
| 001 | 11992896 | ||
| 003 | OSt | ||
| 005 | 20210929143114.0 | ||
| 008 | 000502s2001 enka b 001 0 eng | ||
| 010 | _a 00034212 | ||
| 020 | _a0521791707 (hbk.) | ||
| 020 | _a0521795516 (pbk.) | ||
| 040 |
_aDLC _cDDC _dDLC |
||
| 042 | _apcc | ||
| 050 | 0 | 0 |
_aQP535.C2 _bS33 2001 |
| 082 | 0 | 0 | _a612.3SCH 2001 |
| 100 | 1 |
_aSchulkin,Jay; _914973 |
|
| 245 | 1 | 0 |
_aCalcium Hunger. _bBehavioral and biological regulation. _cEdited by Schulkin,Jay; |
| 260 |
_aNew York : _bCambridge University Press, _c2001. |
||
| 300 |
_ax,206p. _bill. _c24cm. |
||
| 504 | _aIncludes; bibliographical references (p. 145-200) and index. | ||
| 650 | 0 |
_aBiology _95602 |
|
| 856 | 4 | 2 |
_3Publisher description _uhttp://www.loc.gov/catdir/description/cam021/00034212.html |
| 856 | 4 | 1 |
_3Table of contents _uhttp://www.loc.gov/catdir/toc/cam025/00034212.html |
| 906 |
_a7 _bcbc _corignew _d1 _eocip _f20 _gy-gencatlg |
||
| 942 |
_2ddc _cO_SHELF |
||